Los objetivos educacionales
Saved in:
| Main Authors: | , , , |
|---|---|
| Format: | Bog |
| Sprog: | spansk |
| Udgivet: |
Santiago
Pontificia Universidad Católica de chile
1982
|
| Serier: | Programa de pedagogía universitaria
|
| Fag: | |
| Tags: |
Tilføj Tag
Ingen Tags, Vær først til at tagge denne postø!
|
MARC
| LEADER | 00000nam a2200000 a 4500 | ||
|---|---|---|---|
| 001 | UCY9546 | ||
| 003 | CL-VaPUC | ||
| 008 | 950717e19820000CL |||||||||||||||||spa|d | ||
| 082 | 0 | 4 | |a 378.01 |b OLI |2 21 |
| 100 | |a Olivares Zamorano, María Angélica |e autora |9 617333 | ||
| 700 | 0 | |a Rojas O., Vladimir |e author |9 341853 | |
| 700 | 0 | |a Romo V., Omar |e author |9 341854 | |
| 700 | 0 | |a Pizarro S., Héctor |e author |9 341855 | |
| 245 | 1 | 4 | |a Los objetivos educacionales |
| 300 | |a 27 p | ||
| 942 | |c BK | ||
| 945 | |d 19950717 00:00:00 |a cmena | ||
| 260 | |a Santiago |b Pontificia Universidad Católica de chile |c 1982 | ||
| 650 | 0 | |a Universidades |9 256317 | |
| 650 | 0 | |a Educación superior |9 223851 | |
| 650 | 7 | |a METAS DE LA EDUCACION |2 CL-VaPUC |9 309160 | |
| 650 | 0 | |a Planificación de la educación |9 307333 | |
| 650 | 7 | |a DOCENCIA |2 CL-VaPUC |9 341856 | |
| 650 | 7 | |a FINES EDUCACIONALES |2 CL-VaPUC |9 341857 | |
| 650 | 0 | |a Política educacional |9 308011 | |
| 650 | 0 | |a Procesos de aprendizaje |9 309161 | |
| 651 | 7 | |a CHILE |2 CL-VaPUC |9 341858 | |
| 583 | |a last modification |c 19950717 00:00:00 |k Rodrigo Vera | ||
| 490 | 0 | |a Programa de pedagogía universitaria | |
| 999 | |c 236624 |d 236622 | ||
| 952 | |0 0 |1 0 |4 0 |6 378_010000000000000_OLI_1982 |7 0 |8 P |9 244827 |a BIBEDU |b BIBEDU |c BIBEDU_PB |d 2019-11-18 |i 1535331 |o 378.01 OLI 1982 |p 1535331 |r 2024-01-25 |w 2019-11-18 |y BK |k EDU | ||